LEADER 00984cam0-2200313---450- 001 990004203080403321 005 20091013110729.0 035 $a000420308 035 $aFED01000420308 035 $a(Aleph)000420308FED01 035 $a000420308 100 $a19990604d1923----km-y0itay50------ba 101 0 $ager 102 $aNL 105 $ay---e---00-y- 200 1 $aEtymologisches Wörterbuch der gotischen Sprache$emit Einschluss des Krimgotischen und Sonstiger gotischer Sprachreste$fvon Sigmund Feist 205 $a2. gänzlich neubearb. Aufl. 210 $aHalle$cNiemeyer$d1923 215 $aXIV, 448 p.$d24 cm 610 0 $aLingua gotica$aDizionari etimologici 676 $a439.9203 700 1$aFeist,$bSigmund$0165008 801 0$aIT$bUNINA$gRICA$2UNIMARC 901 $aBK 912 $a990004203080403321 952 $a439.9203 FEI 1$bIst.f.m.11256$fFLFBC 959 $aFLFBC 996 $aEtymologisches Wörterbuch der gotischen Sprache$9483506 997 $aUNINA LEADER 03706nam 2200661 450 001 9910143240003321 005 20170815154417.0 010 $a1-282-84925-5 010 $a9786612849251 010 $a0-470-93517-0 010 $a1-59124-595-8 010 $a0-470-93516-2 035 $a(CKB)111086367653196 035 $a(EBL)624465 035 $a(OCoLC)676700872 035 $a(SSID)ssj0000072879 035 $a(PQKBManifestationID)11114096 035 $a(PQKBTitleCode)TC0000072879 035 $a(PQKBWorkID)10102895 035 $a(PQKB)10549960 035 $a(MiAaPQ)EBC624465 035 $a(EXLCZ)99111086367653196 100 $a20160815h19991999 uy 0 101 0 $aeng 135 $aur|n|---||||| 181 $ctxt 182 $cc 183 $acr 200 10$aRelease $ea model with data to predict aerosol rainout in accidental releases /$fDavid W. Johnson and John L. Woodward 210 1$aNew York, New York :$cCenter for Chemical Process Safety of the American Institute of Chemical Engineers,$d1999. 210 4$d©1999 215 $a1 online resource (202 p.) 225 1 $aCCPS Concept books 300 $aDescription based upon print version of record. 311 $a0-8169-0745-5 320 $aIncludes bibliographical references at the end of each chapters and index. 327 $aRelease: A Model with Data to Predict Aerosol Rainout in Accidental Releases; Contents; Preface; Acknowledgments; About This Book; Part I Design and Results of CCPS Aerosol Field Tests; 1 Introduction; 2 Chronological History; 3 Development of the Release Model; 4 Oklahoma Experimental Program (Water and CFC-11); 5 Nevada Experimental Program (Chlorine, Methylamine, and Cyclohexane); 6 Corrections to Experimental Data and Further Release Model Work; 7 Summary and Future Work; References; Part II Measurement and Modeling of Accidental Aerosol Releases; 8 Background and Objectives 327 $a9 Correcting Experimental Rainout Data10 The RELEASE Model for Predicting Rainout; 11 Aerosol Drop Size Correlation; Appendix A Experimental Rainout Data; Appendix B Solar Radiation Data for Las Vegas, NV; Appendix C Theory of Model Used to Correct Rainout Data; Appendix D Additional Modeling Details; Appendix E Rainout Correlation Using Adiabatic Saturation Temperature; References; Nomenclature; Index 330 $aThis book documents CCPS's Aerosol Research Program to develop a model to predict liquid rainout from release of a pressurized, liquefied gas--and, hence the residual amount of material in a vapor cloud, which may be greater than the amount calculated from an enthalpy chart. RELEASE predicts the rate of fluid discharge, the depressurization, flashing and formation of liquid drops, the entrainment of drops into the vapor cloud, the subsequent spreading of the jet, and rate of liquid rainout to a pool on the ground. Designed in a modular fashion to permit adjustment and corrections as new data b 410 0$aCCPS concept book. 606 $aAtmospheric diffusion$xComputer simulation 606 $aHazardous substances$xEnvironmental aspects$xComputer simulation 606 $aVapors$xComputer simulation 608 $aElectronic books. 615 0$aAtmospheric diffusion$xComputer simulation. 615 0$aHazardous substances$xEnvironmental aspects$xComputer simulation. 615 0$aVapors$xComputer simulation. 676 $a628.5/3 676 $a628.53 700 $aJohnson$b David W.$f1942-$0903335 702 $aWoodward$b John Lowell 801 0$bMiAaPQ 801 1$bMiAaPQ 801 2$bMiAaPQ 906 $aBOOK 912 $a9910143240003321 996 $aRelease$92019482 997 $aUNINA LEADER 00943nam a2200253 i 4500 001 991003757389707536 008 020 $a9788865482179 035 $ab14382337-39ule_inst 040 $aDip.to di Storia, Società e Studi sull'Uomo$bita 082 04$a303.4834 082 04$a306.36 100 1 $aCiccarelli, Roberto$0563716 245 10$aForza lavoro :$bil lato oscuro della rivoluzione digitale /$cRoberto Ciccarelli 260 $aRoma :$bDeriveApprodi,$c2018 300 $a219 p. ;$c20 cm 490 0 $aComunità concrete ;$v7 650 4$aOrganizzazione del lavoro$xInnovazione tecnologica 907 $a.b14382337$b24-01-20$c24-01-20 912 $a991003757389707536 945 $aLE023 303.483 CIC 1 1$g1$i2023000181393$lle023$op$pE18.00$q-$rl$s- $t0$u0$v0$w0$x0$y.i15916832$z24-01-20 996 $aForza lavoro$91504963 997 $aUNISALENTO 998 $ale023$b24-01-20$cm$da $e-$fita$git $h0$i0 LEADER 01793nam 22005771 450 001 9910790850603321 005 20230803022542.0 010 $a90-272-7141-0 035 $a(CKB)2550000001165682 035 $a(SSID)ssj0001059859 035 $a(PQKBManifestationID)11555630 035 $a(PQKBTitleCode)TC0001059859 035 $a(PQKBWorkID)11085885 035 $a(PQKB)10767648 035 $a(MiAaPQ)EBC1569530 035 $a(Au-PeEL)EBL1569530 035 $a(CaPaEBR)ebr10813547 035 $a(CaONFJC)MIL546950 035 $a(OCoLC)864382586 035 $a(EXLCZ)992550000001165682 100 $a20130624h20132013 uy 0 101 0 $aeng 135 $aurcnu|||||||| 181 $ctxt 182 $cc 183 $acr 200 00$aIncreased empiricism $erecent advances in Chinese linguistics /$fedited by Zhuo Jing-Schmidt 210 1$aAmsterdam ;$aPhiladelphia :$cJohn Benjamins Publishing Company,$d[2013] 210 4$d©2013 215 $a1 online resource (327 pages) 225 1 $aStudies in Chinese language and discourse,$x1879-5382 ;$vvolume 2 300 $aBibliographic Level Mode of Issuance: Monograph 311 $a90-272-0181-1 311 $a1-306-15699-8 320 $aIncludes bibliographical references and index. 410 0$aStudies in Chinese language and discourse ;$vv. 2. 606 $aChinese language$xSyntax 606 $aChinese language 606 $aLinguistics 615 0$aChinese language$xSyntax. 615 0$aChinese language. 615 0$aLinguistics. 676 $a495.15 701 $aJing-Schmidt$b Zhuo$01464622 801 0$bMiAaPQ 801 1$bMiAaPQ 801 2$bMiAaPQ 906 $aBOOK 912 $a9910790850603321 996 $aIncreased empiricism$93674373 997 $aUNINA LEADER 03357oam 2200733 c 450 001 9910645983803321 005 20260302090207.0 024 3 $a9783487423388 035 $a(CKB)5670000000613387 035 $a(NjHacI)995670000000613387 035 $a(ScCtBLL)b3a38af7-5a41-4565-8751-c3f5023230ec 035 $a(Georg Olms Verlag)9783487423388 035 $a(EXLCZ)995670000000613387 100 $a20260302d2022 uy 0 101 0 $ager 135 $aur||||||||||| 181 $ctxt$2rdacontent 182 $cc$2rdamedia 183 $acr$2rdacarrier 200 00$aAlte Geschichte und Archäologie im Gespräch. 34 Jahre Briefwechsel von Theodor Mommsen mit Wolfgang Helbig 1861?1895$fPeter Mommsen 205 $a1st ed. 210 $aHildesheim$cGeorg Olms Verlag$d2022 215 $a1 online resource (255 pages) 311 08$a9783487161891 311 08$a3487161893 311 08$a9783487423388 311 08$a3487423383 330 $a47 neugefundene Briefe von Theodor Mommsen waren der Anstoß, sie mit den Gegenbriefen des Archäologen Wolfgang Helbig aus der Staatsbibliothek zu Berlin in dieser Gesamtausgabe zu vereinigen. 28 Briefe Mommsens aus der Gelehrtenkorrespondenz des Archäologischen Instituts Rom, wo Helbig über 20 Jahre Zweiter Sekretär war, kamen hinzu. Dieses bisher unveröffentlichte Material von insgesamt 176 Briefen gewährt einen fesselnden Einblick in das wissenschaftliche Leben einer Zeit, in der Deutschland auf dem Gebiet der Altertumswissenschaft in der Welt führend war. Dabei entstehen die Charakterbilder zweier Vertreter ihrer Fächer, der Archäologie und der Alten Geschichte, was sie verband und was sie trennte. Die nahezu 1000 Anmerkungen vermitteln ein umfassendes Bild der damaligen Wissenschaftsgemeinschaft, in der die beiden mächtigen, aber höchst eigenwilligen Persönlichkeiten mit Entschiedenheit und Diplomatie über Jahrzehnte agierten. Nicht zuletzt wird man Zeuge dessen, wie mit dem aufkommenden Nationalismus auf beiden Seiten die ehemalige Internationalität der Forschung in die Brüche ging. *** Die digitale Ausgabe des Briefwechsels Theodor Mommsens mit seiner Frau, Hrsg. J. Köck, ist nun zugänglich: https://digi.ub.uni-heidelberg.de/diglit/mommsen 606 $aAlte Geschichte 606 $aArchäologie 606 $aArchäologisches Institut 606 $aBrief 606 $aBriefwechsel 606 $aGeschichte 606 $aHelbig 606 $aItalien 606 $aKorrespondenz 606 $aKulturgeschichte 606 $aMommsen 606 $aRom 606 $aTheodor Mommsen 606 $aWolfgang Helbig 615 4$aAlte Geschichte 615 4$aArchäologie 615 4$aArchäologisches Institut 615 4$aBrief 615 4$aBriefwechsel 615 4$aGeschichte 615 4$aHelbig 615 4$aItalien 615 4$aKorrespondenz 615 4$aKulturgeschichte 615 4$aMommsen 615 4$aRom 615 4$aTheodor Mommsen 615 4$aWolfgang Helbig 676 $a607.1 702 $aMommsen$b Peter$4edt 801 0$bNjHacI 801 1$bNjHacl 906 $aBOOK 912 $a9910645983803321 996 $aAlte Geschichte und Archäologie im Gespräch. 34 Jahre Briefwechsel von Theodor Mommsen mit Wolfgang Helbig 1861?1895$94452983 997 $aUNINA